000 00824 a2200205 4500
003 Nust
005 20230119161917.0
010 _a 83011301
020 _a0070568944 :
040 _cNust
082 0 0 _a660.28425,SHI
100 1 _aShinskey, F. Greg.
_9107155
245 1 0 _aDistillation control :
_bfor productivity and energy conservation /
_cF.G. Shinskey.
250 _a2nd ed.
260 _aNew York :
_bMcGraw-Hill,
_cc1984.
300 _aviii, 364 p. :
_bill. ;
_c24 cm.
505 _aDistillation Fundamentals (Page-1), Thermodynamics concepts (Page-27), Factors determining compositions (Page-60),Control System Structure (Page-91), Control loop interaction (page-131), Composition control (Page-167), Complex Processes (Page-233), Optimization (Page-317).
650 0 _aDistillation.
_970437
942 _2ddc
_cBK
999 _c185008
_d185008